Обогащение углей в Польской народной республике

Бібліографічні деталі
Автор: Горлов И. П. Иван Пантелеевич
Мова:Російська
Опубліковано: Москва, Углетехиздат, 1959
Предмети:
Формат: MixedMaterials Книга
KOHA link:https://koha.lib.tpu.ru/cgi-bin/koha/opac-detail.pl?biblionumber=319277

MARC

LEADER 00000nam0a2200000 4500
001 319277
005 20231102003150.0
035 |a (RuTPU)RU\TPU\book\344785 
090 |a 319277 
100 |a 20160525d1959 k y0rusy50 ca 
101 0 |a rus 
102 |a RU 
105 |a y z 000zy 
200 1 |a Обогащение углей в Польской народной республике  |f И. П. Горлов 
210 |a Москва  |c Углетехиздат  |d 1959 
215 |a 48 с. 
606 |a Уголь  |x Обогащение  |2 stltpush  |3 (RuTPU)RU\TPU\subj\62475  |9 79550 
610 1 |a Польская Народная Республика 
610 1 |a углеобогатительные фабрики 
610 1 |a охрана труда 
675 |a 622.7:622.333  |v 4 
700 1 |a Горлов  |b И. П.  |g Иван Пантелеевич 
801 1 |a RU  |b 63413507  |c 20160525 
801 2 |a RU  |b 63413507  |c 20171109  |g RCR 
942 |c BK